000 00775nam a2200229Ii 4500
003 JO-AjNU
008 230605s9999||||xx |||||||||||||| ||und||
017 _a2010/8/2959
020 _a978-9957-544-10-2
040 _aJO-AjNU
_bara
_erda
_cJO-AjNU
041 _aara
050 1 4 _aHF5686 .C7.S28 2011
100 3 _aسواد، زاهرة,
_eauthor
_930426
245 0 0 _aمحاسبة المنشأت العامة والخاصة
250 _aط1
264 3 1 _aعمان: دار الراية للنشر والتوزيع، 2011
300 _a211ص
_bيحتوي على ببلوغرافية من ص209-211ص
336 _atext
_btxt
_2rdacontent
337 _aunmediated
_bn
_2rdamedia
338 _avolume
_bnc
_2rdacarrier
650 4 _aالمحاسبة المالية
_930427
999 _aA12060
_c15628
_d15628